Normal view
MARC view
- Sohail Malik
Entry Personal Name
001 - CONTROL NUMBER
- control field: 47659
003 - CONTROL NUMBER IDENTIFIER
- control field: NUST
005 - DATE AND TIME OF LATEST TRANSACTION
- control field: 20210314133857.0
008 - FIXED-LENGTH DATA ELEMENTS
- fixed length control field: 210314|| aca||aabn | a|a d
040 ## - CATALOGING SOURCE
- Original cataloging agency: NUST
- Transcribing agency: NUST
100 ## - HEADING--PERSONAL NAME
- Personal name: Sohail Malik
670 ## - SOURCE DATA FOUND
- Source citation: Work cat.: (NUST): Iqbal 17522, Planning estimating and scheduling of 64 x BOQs at Risalpur, 2013
